[Event "Baku FIDE GP"]
[Site "Baku"]
[Date "2014.10.04"]
[Round "3"]
[White "Gelfand, Boris"]
[Black "Grischuk, Alexander"]
[Result "1-0"]
[WhiteElo "2748"]
[BlackElo "2797"]
[Annotator "Roiz,M"]
[PlyCount "120"]
[EventDate "2014.10.02"]
[EventType "tourn"]
[EventRounds "11"]
[EventCountry "AZE"]
[EventCategory "21"]
[SourceTitle "CBM 163"]
[Source "ChessBase"]
[SourceDate "2014.11.11"]
[SourceVersion "1"]
[SourceVersionDate "2014.11.11"]
[SourceQuality "1"]

1. d4 Nf6 2. c4 e6 3. Nf3 b6 4. g3 Bb7 5. Bg2 Be7 6. O-O O-O 7. Re1 Na6 8. Nc3
Ne4 9. Bf4 d6 $146 {Alexander comes up with a novelty, which doesn't really
help Black to solve all the problems.} ({Black has a wide choice of
alternatives, but usually White is able to develop some initiative, mainly due
to a poor Na6:} 9... Nxc3 10. bxc3 Be4 11. Nd2 (11. Bf1 Nb8 12. Nd2 Bb7 13. e4
d6 $11 {1-0 Tkachiev,V (2649)-Riazantsev,A (2708)/Khanty-Mansiysk RUS 2013 (40)
}) 11... Bxg2 12. Kxg2 d6 13. e4 Nb8 14. a4 Nc6 15. Nb3 Rb8 16. h4 Qd7 17. Qg4
Rfd8 18. h5 $14 {1-0 Sargissian,G (2671)-Abasov,N (2517)/Minsk BLR 2014 (50)})
(9... f5 10. Qb3 c5 11. d5 Nxc3 12. Qxc3 Bf6 13. Qb3 Qe7 14. e4 fxe4 15. Nd2
Bd4 16. Nxe4 $14 {0-1 Wojtaszek,R (2701)-Predke,A (2494)/Legnica POL 2013 (48)}
) (9... d5 10. cxd5 exd5 11. Rc1 c5 12. dxc5 Bxc5 13. e3 Nxc3 14. bxc3 Qe7 15.
Nd4 $14 {1-0 Carlsen,M (2714)-Tiviakov,S (2643)/Heraklio 2007/CBM 121 (62)})
10. Qc2 {Fighting for control over the key central square is typical for such
positions.} Nb4 (10... Nxc3 11. bxc3 {could hardly suit Black, but Grischuk's
move has a concrete problem.}) 11. Qb3 Nxc3 ({Unfortunately, the natural} 11...
c5 {fails to} 12. dxc5 $1 dxc5 13. Ne5 Nd6 (13... Nd2 14. Bxd2 Bxg2 15. Kxg2
Qxd2 16. Red1 Qg5 17. f4 $16) 14. Bxb7 Nxb7 15. a3 $16) 12. Qxc3 c5 13. e4 $1 {
Exploiting the awkward placement of Black's knight in order to seize the
centre.} Nc6 {This move looks natural, but Black is spending much time trying
to attack White's centre.} (13... Bf6 14. Rad1 Qc7 15. Bxd6 Qxd6 16. e5 Bxe5
17. Nxe5 {is quite unpleasant for Black, as White's major pieces are very
active.}) 14. d5 (14. Rad1 $5 {was another good possibility, keeping the edge
in all cases:} g5 (14... cxd4 15. Nxd4 Nxd4 16. Rxd4 Qb8 17. e5 Bxg2 18. Kxg2 (
18. exd6 $5 Bf6 19. Kxg2 Qb7+ 20. Kg1 Bxd4 21. Qxd4 Qd7 22. b4 $14) 18... Qb7+
19. Kg1 dxe5 20. Bxe5 f6 21. Bd6 e5 22. Rd5 Bxd6 23. Rxd6 Rad8 24. Red1 $14)
15. Bd2 g4 16. d5 Bf6 17. e5 Nxe5 18. Nxe5 exd5 (18... Bxe5 19. Rxe5 dxe5 20.
Qxe5 exd5 21. Bc3 f6 22. Qe6+ Rf7 23. Qxg4+ Rg7 24. Qe6+ Rf7 25. cxd5 $16) 19.
Bf4 d4 20. Qd3 dxe5 21. Bxb7 Rb8 22. Bxe5 Bxe5 23. Be4 Re8 $14) 14... Bf6 {
Grischuk's move is not bad, but it gives White some additional options.} (14...
exd5 15. cxd5 Bf6 {forces some simplifications, but after} 16. e5 Nxe5 17. Nxe5
dxe5 (17... Qb8 18. Re3 dxe5 19. Bxe5 Bxe5 20. Rxe5 Re8 21. f4 $14) 18. Bxe5
Bxe5 19. Rxe5 Qd7 20. Rae1 Rae8 21. f4 $14 {White's strong passed Pd5 is
extremely strong.}) 15. Qd2 {Boris decides to avoid the isolated pawn and
keeps a small, but stable edge as well.} (15. e5 Nxe5 16. Nxe5 dxe5 17. Bxe5
Bxe5 18. Rxe5 exd5 19. cxd5 {could have transposed to the above mentioned line.
}) 15... Nd4 ({The following alternative led to a solid, but passive position:
} 15... exd5 $5 16. exd5 Nd4 17. Nxd4 Bxd4 18. Bg5 Bf6 19. Bxf6 Qxf6 20. Bh3
Rae8 (20... Rfe8 21. Bd7 Rxe1+ 22. Rxe1 $14) 21. Bd7 Re7 22. Rxe7 Qxe7 23. Ba4
$14) 16. Nxd4 Bxd4 17. e5 {Obviously, White shouldn't give Black time for
consolidating.} dxe5 ({Alexander could have tried} 17... Re8 $5 18. dxe6 Bxg2
19. exf7+ Kxf7 20. e6+ $1 Kg8 21. Kxg2 Qf6 $14 {winning the pawn back, but his
structure would be permanently worse.}) 18. Bxe5 Bxe5 19. Rxe5 exd5 20. Rae1 {
White is not obliged to take the pawn back immediately, so there is time for
mobilising all his forces.} Qd6 21. Re7 {As before, Boris prefers to deviate
from creating an isolated pawn.} (21. cxd5 $5 Rad8 22. Qe2 $14) 21... Bc6 22.
Bxd5 Rad8 (22... Bxd5 23. Qxd5 Qxd5 24. cxd5 {leads to a very difficult rook
endgame:} Rad8 ({after} 24... Rfd8 25. d6 Kf8 26. d7 b5 27. Kf1 $16 {Black is
paralysed.}) 25. Rd1 Rfe8 26. Rxa7 Kf8 27. Ra6 Rd6 28. Rd2 $16) 23. Rxa7 {
This move leads to a rook ending with an extra pawn.} ({After} 23. R1e5 Bxd5
24. cxd5 b5 $14 {White could put some pressure on the opponent's king, but
Black's queenside pawns may offer some counterchances.}) 23... Bxd5 24. Qxd5 $6
{A somewhat inaccurate move.} (24. cxd5 Qxd5 25. Qxd5 Rxd5 26. Rb7 {would
transpose to the game.}) 24... Qxd5 $6 {Alexander mised a golden opportunity
to avoid the loss of a pawn.} (24... Qf6 $1 {was much better:} 25. Qe5 Rd1 $1
26. Kg2 Rxe1 27. Qxe1 Qxb2 28. Qe4 g6 29. a4 Kg7 $14 {and Black should be able
to hold this position with a precise defence.}) 25. cxd5 Rxd5 26. Rb7 Rd6 27.
Re3 g6 (27... f5 $5 28. Ree7 Rg6 $14 {keeping the material balance was an
option worth considering, but it is a difficult decision, especially when you
are in time trouble.}) 28. Rb3 c4 29. R3xb6 Rxb6 30. Rxb6 {Finally White has
won a pawn, but now Black can activate the rook.} Ra8 31. a3 c3 32. bxc3 Rxa3
33. Rc6 h5 34. h4 Kf8 35. Kg2 (35. Rc7 Kg7 36. Kg2 Kf6 37. Kf3 Ke5 {is hardly
an achievement for White.}) 35... Ke7 36. Kf3 Ra2 (36... Kd7 $5 37. Rc4 Kd6)
37. Ke3 Rc2 38. Rc4 ({After} 38. c4 Rc3+ 39. Kd2 Rf3 40. Ke2 Rc3 {it would be
difficult to make a progress.}) 38... Kf8 (38... f6 $5 {deserved serious
attention, with the intention to exchange the k-side pawns.}) 39. f3 Ke7 40.
Kf4 Rf2 {For some reason, Alexander delays the f7-f6 advance.} ({After} 40...
f6 $5 41. Rc7+ Ke6 {it looks like White has nothing better than} 42. Rg7 Rxc3
43. Rxg6 Rc4+ 44. Ke3 Rc3+ 45. Ke4 Rc4+ 46. Kd3 Rc1 {with a drawish position.})
41. Re4+ Kd6 42. Re3 {Now the Pf3 is protected, so Back must prevent White
from bringing the king to f6.} f6 ({Another way to stop White's king was:} 
42... Rg2 $5 43. Rd3+ Ke6 44. c4 f6 (44... Rc2 45. Re3+ Kf6 46. Re4 Rc3 47. g4
$16) 45. Rc3 Kd6) 43. Ke4 Ra2 ({It looks like} 43... Kc5 $1 44. Kd3 Rg2 {
was an easier way:} 45. f4 f5 46. c4 Ra2 47. Re5+ Kd6 48. Kd4 Rd2+ 49. Kc3 Rg2
{I don't see how White can make any progress here.}) 44. Rd3+ Ke6 45. c4 Rc2
46. Kd4 Kd6 $6 ({Once again,} 46... g5 {starting some counterplay was possible:
} 47. Re3+ Kd6 48. hxg5 fxg5 49. f4 gxf4 50. gxf4 Rd2+ 51. Rd3 Rc2 52. Rh3 Rd2+
53. Ke4 Rc2 $11) 47. f4 Rc1 48. Rf3 $1 {Boris Gelfand finds an excellent
resource - now the threat of f4-f5, breaking up Black's pawns is very
unpleasant.} Rd1+ (48... f5 49. Ra3 Rd1+ 50. Kc3 Kc5 51. Ra5+ Kb6 52. Rb5+ Kc6
53. Re5 Rf1 54. Kd4 {looks dangerous now.}) 49. Kc3 Rb1 $2 {Finally Alexander
makes a decisive mistake and allows White to achieve his goal.} ({Black's task
was difficult, but the position still was drawish had he played:} 49... Ra1 $1
50. Kb4 Kc6 51. f5 {and now} g5 $1 52. hxg5 fxg5 53. f6 Ra8 54. Rf5 Rf8 55.
Rxg5 Rxf6 56. Rxh5 Rg6 57. Rh3 Rg5 $11) 50. f5 gxf5 ({Now it's too late for} 
50... g5 51. hxg5 fxg5 52. f6 Rb8 {as White's king is closer than before:} 53.
Kd4 Ke6 54. c5 Rb4+ (54... h4 55. gxh4 g4 56. Re3+ Kxf6 57. c6 $18) 55. Kc3 Ra4
56. Kb3 Ra8 57. Kc4 Rf8 58. c6 Kd6 59. Kd4 $1 h4 60. gxh4 gxh4 61. c7 Kxc7 62.
Ke5 $18) 51. Rxf5 Ke6 52. Rxh5 (52. Rf3 $1 Ra1 53. Kb4 Rb1+ 54. Kc5 {was
convincing enough:} Rb8 55. Re3+ Kd7 56. Kd5 Rb1 57. Rf3 Rd1+ 58. Kc5 Rd6 59.
Rf5 Ra6 60. Kb5 Ra3 61. Rxf6 Rxg3 62. Rf5 $18) 52... Rg1 53. Rh8 $2 {Returning
the favour.} ({White loses priceless time and deviates from:} 53. c5 Rxg3+ 54.
Kc4 Rg1 (54... Rg8 55. Rd5 Rg2 56. Rd8 f5 57. c6 Rc2+ 58. Kb5 Rb2+ 59. Ka6 Rc2
60. Kb7 $18) 55. Rh8 f5 56. h5 f4 57. h6 Rc1+ 58. Kd3 Kf7 59. Rc8 Kg6 60. Kd2
$1 Rc4 61. Rc6+ Kh7 62. Kd3 Rc1 63. Ke4 Rc4+ 64. Kf3 $18) 53... Rxg3+ 54. Kb4
f5 $1 {As a result, Black is just in time to push the pawn now.} 55. h5 (55. c5
f4 56. Rf8 Ke5 57. h5 Rh3 58. Re8+ Kd5 59. Rd8+ Kc6 60. Rd6+ Kc7 61. h6 f3 $11)
55... Rg7 $2 {Both players had to find precise moves under time pressure.
Mistakes are practically unavoidable in such a situation.} (55... f4 56. c5 f3
57. Rf8 Kd5 58. h6 Rh3 59. Kb5 Ke4 60. Rf6 Ke5 $1 61. Rf7 Ke6 62. Rf8 Rxh6 63.
Rxf3 Kd7 $11) 56. h6 Rf7 57. Re8+ $2 ({For the second time, Boris Gelfand
misses a clear win and refuses:} 57. c5 f4 58. c6 Kf5 59. Rg8 Rh7 60. Kc5 Ke4
61. Rg6 f3 62. Rf6 Ke3 63. Kb6 f2 64. c7 Rh8 65. Kb7 $18) 57... Kf6 $11 {
Now the position is completely drawish!} 58. Re1 (58. c5 Kg5 59. c6 Kxh6 $11)
58... f4 59. Kc5 f3 ({There was nothing wrong with} 59... Kg6 {either:} 60. Kd6
Kxh6 61. c5 Kg5 $11) 60. Kd6 Kg6 {Unfortunately for Alexander Grischuk, he ran
out of time for the 1st time in his career. A dramatic end to this spectacular
game!} 1-0

[Event "Baku FIDE GP"]
[Site "Baku"]
[Date "2014.10.05"]
[Round "4"]
[White "Grischuk, Alexander"]
[Black "Nakamura, Hikaru"]
[Result "1/2-1/2"]
[WhiteElo "2797"]
[BlackElo "2764"]
[Annotator "Szabo,Kr"]
[PlyCount "96"]
[EventDate "2014.10.02"]
[EventType "tourn"]
[EventRounds "11"]
[EventCountry "AZE"]
[EventCategory "21"]
[SourceTitle "CBM 163"]
[Source "ChessBase"]
[SourceDate "2014.11.11"]
[SourceVersion "1"]
[SourceVersionDate "2014.11.11"]
[SourceQuality "1"]

1. Nf3 Nf6 2. c4 g6 3. Nc3 Bg7 4. e4 d6 5. d4 O-O 6. Be2 e5 7. O-O Nc6 8. Be3
Ng4 9. Bg5 f6 10. Bh4 g5 11. Bg3 Nh6 12. dxe5 fxe5 13. h3 g4 14. hxg4 Bxg4 15.
Rc1 $146 ({Less than 1 month ago} 15. Qd2 {was played by Lysyj} Qd7 16. Nh2 Nd4
17. Nxg4 Nxg4 18. Bd1 Kh8 19. Qd3 Rf7 20. Nb5 Raf8 21. Nxc7 Nxf2 $132 {with a
double-edged fight in Lysyj-Radjabov, Bilbao 2014.}) 15... Bxf3 {Black
immediately starts his action on the d4-square.} ({The natural} 15... Kh8 {
was also possible.}) 16. Bxf3 Nd4 17. Bh5 $5 {White doesn't want to give up
his bishop, that's why he puts it in this strange place.} Kh8 18. Nb5 {White
would like to remove Black's d4 N, because it is unpleasant for White.} Ne6 $1
{The right move. Black doesn't want to exchange and now his N is ready to go
to f4 too. Moreover White's b5-knight is out of play.} 19. Rc3 {Logical move,
the R can be useful from the 3rd rank.} ({In the event of} 19. Nc3 {Black can
repeat with} Nd4 ({or even} 19... Bf6 20. Nd5 Bh4 {and Black is active.}))
19... Qe7 (19... a6 {was also an option,} 20. Na3 Qg5 ({or} 20... Bf6 {is
similar to the game.})) 20. Na3 $6 {The N would like to come from c2, but this
plan is too slow.} (20. Rf3 {could have been met by} Nf4 $13) (20. Rd3 Rg8 (
20... Nf4 21. Bxf4 Rxf4 22. Nc3 {and it is not so easy to avoid Nd5.}) 21. Nc3
{with a double-edged fight.}) 20... Bf6 $1 {A very good move. Black wants to
play on the dark squares with Bh4 or Bg5.} 21. Nc2 Bg5 22. Bh2 {This is a
slightly passive move, but White would like to avoid the exchange of Bs and he
prepares for Rh3.} (22. Ne3 Rg8 $40 {and Black has some attacking chances on
the kingside.}) 22... Bf4 23. g3 Bg5 24. Bf3 Rf6 25. Bg2 Rg8 {Black's pieces
are all well placed; he has a plenty of attacking plans. White's position is
not easy now.} 26. Ne1 Rfg6 27. Bh3 Bf6 28. Kh1 Ng4 29. Bxg4 Rxg4 30. Nc2 Qe8 (
{The greedy} 30... Rxe4 $6 {could have been met by} 31. f3 {and the R is
trapped in the centre.}) ({The engine suggests} 30... Qf8 $1 {Black prepares
for Qh6!} 31. Rg1 (31. Ne3 Rxe4 32. f3 Rd4 {and Black is a healthy P up.})
31... Qh6 32. Rg2 Qh3 $36 {and White is under pressure on the kingside.}) 31.
Rg1 {A prophylactic move. Grischuk prepares for f3.} ({The immediate} 31. f3 $2
{is bad, as} Rxg3 $1 32. Bxg3 Rxg3 33. Rf2 Nf4 $17 {and Black has an
unpleasant attack.}) 31... Nd4 (31... Qf7 32. f3 R4g7 {was also possible.}) 32.
f3 (32. Ne3 R4g5 $15 {is also slightly better for Black.}) 32... R4g6 ({
The computer suggests} 32... R4g7 $5 {, but the text move was more human.}) 33.
Nxd4 (33. Ne3 Qd7 $15 {and Black looks nicely placed.}) 33... exd4 34. Rc2 c5
35. Qd3 Rh6 36. Rgg2 Rh3 $1 37. Rcf2 Qh5 {All Black's pieces are attacking and
now the g3-pawn is hanging.} 38. Kg1 Be5 39. f4 Bf6 40. Qf3 Qg6 41. Kh1 Qh6 $6
{An inaccuracy. Black didn't find the winning tactical move.} ({It was much
stronger to play} 41... Bh4 $1 42. f5 (42. gxh4 Rxf3 43. Rxg6 Rxf2 $19) 42...
Qf7 43. Kg1 Bg5 $19 {and Black has a decisive attack.}) 42. Kg1 Qg6 43. Kh1 b6
(43... Bh4 $1 {was the best, like in the previous comment.}) 44. b3 Qh6 45. Kg1
Qg6 46. Kh1 Qh6 47. Kg1 Bh4 48. Kf1 Bf6 {Finally Black couldn't break White's
position, so he accepted the draw.} 1/2-1/2

[Event "Baku FIDE GP"]
[Site "Baku"]
[Date "2014.10.09"]
[Round "7"]
[White "Svidler, Peter"]
[Black "Grischuk, Alexander"]
[Result "1/2-1/2"]
[WhiteElo "2732"]
[BlackElo "2797"]
[PlyCount "60"]
[EventDate "2014.10.02"]
[EventType "tourn"]
[EventRounds "11"]
[EventCountry "AZE"]
[EventCategory "21"]
[SourceTitle "CBM 163"]
[Source "ChessBase"]
[SourceDate "2014.11.11"]
[SourceVersion "1"]
[SourceVersionDate "2014.11.11"]
[SourceQuality "1"]

1. e4 c5 2. Nf3 d6 3. Bb5+ Nd7 4. O-O a6 5. Bd3 Ngf6 6. c3 b5 7. Bc2 Bb7 8. Qe2
e6 9. d4 Be7 10. a4 O-O 11. e5 dxe5 12. dxe5 Bxf3 13. gxf3 Nd5 14. f4 c4 15. f5
Qc7 16. Re1 Rad8 17. axb5 axb5 18. f6 gxf6 19. Bxh7+ Kxh7 20. Qh5+ Kg8 21. Qg4+
Kh7 22. Qh3+ Kg8 23. Qg4+ Kh7 24. Qh5+ Kg8 25. Kh1 Nxe5 26. Rg1+ Ng6 27. Rxg6+
fxg6 28. Qxg6+ Kh8 29. Qh5+ Kg8 30. Qg6+ Kh8 1/2-1/2

[Event "Baku FIDE GP"]
[Site "Baku"]
[Date "2014.10.10"]
[Round "8"]
[White "Grischuk, Alexander"]
[Black "Andreikin, Dmitry"]
[Result "1/2-1/2"]
[WhiteElo "2797"]
[BlackElo "2722"]
[Annotator "Marin,M"]
[PlyCount "153"]
[EventDate "2014.10.02"]
[EventType "tourn"]
[EventRounds "11"]
[EventCountry "AZE"]
[EventCategory "21"]
[SourceTitle "CBM 163"]
[Source "ChessBase"]
[SourceDate "2014.11.11"]
[SourceVersion "1"]
[SourceVersionDate "2014.11.11"]
[SourceQuality "1"]

1. e4 e5 2. Nf3 Nc6 3. Bb5 Nf6 4. O-O Nxe4 5. d4 Nd6 6. Bxc6 dxc6 7. dxe5 Nf5
8. Qxd8+ Kxd8 9. Nc3 Ke8 10. h3 b6 $5 {In the Berlin Defence, the
light-squared bishop usually spends the first phase of the game on the c8-h3
diagonal, defending or occupying the e6-square. Much later, it would be just
too happy to get on to the long diagonal, so the desire of some players 
(including the modern godfather of the variation, former World Champion
Vladimir Kramnik) to put it in the fianchetto from the beginning is
understandable. But ...Bb7 is not the only possible way of developing the
bishop, White neds to worry about ...Ba6, too. In certain cases, the bishop
could become hyper-active, dominating several white pieces, including the
rooks!} 11. Rd1 {Evacuating the f1-a6 diagonal in advance.} ({The natural
developing move allows Black to start his counterplay at once:} 11. Bf4 Bb4 {
[%cal Gb4c3]} 12. Ne4 Ba6 13. Rfc1 Be2 14. Nh2 (14. Nfd2 Bxd2 15. Nxd2 Nd4 16.
Be3 Nf5 17. Bf4 Nd4 18. Be3 Nf5 19. Bf4 Nd4 {1/2-1/2 Topalov,V (2772)-Carlsen,
M (2877) Saint Louis 2014}) 14... Rd8 15. c3 (15. g4 Rd4 16. Ng3 Nxg3 17. Bxg3
Bd2 18. Rcb1 h5 19. c3 Rd3 $17 {Shirov,A (2739)-Kramnik,V (2785) Moscow (blitz)
2007 (0-1, 45)}) 15... Be7 16. Re1 Bc4 17. g4 Nh4 18. Bg3 Ng6 19. f4 (19. Nf6+
Kf8 20. Nh5 Rd2 21. b3 Be2 $5) 19... Rd3 20. f5 Bd5 21. Nf1 Nh4 22. Re2 Nf3+
23. Kf2 {[%cal Ge4f6] Karjakin,S (2727)-Kramnik,V (2788) Moscow (blitz) 2008 
(0-1, 49)} Bg5 $5 {[%cal Gh7h5]}) (11. Re1 Bb4 12. Bd2 {is very comfortable
for Black. The positions with opposite-coloured bishops are known to offer
White as good as nothing.} Be6 13. g4 Ne7 14. Kg2 Rd8 15. a3 Bxc3 16. Bxc3 c5
17. Rad1 Rxd1 18. Rxd1 a5 {Anand,V (2791)-Ivanchuk,V (2779) Linares 2009 (1/
2-1/2, 32)}) ({Preventing ...Bb4 with} 11. a3 {is a bit premature, offering
Black a tempo for carrying out his main plan:} Bb7 12. Bf4 Rc8 ({Actually I do
not see the reason why Carlsen deviated from his previous game:} 12... c5 13.
Rad1 Bxf3 14. gxf3 c6 15. Be3 Rd8 16. Ne4 Be7 17. f4 f6 {Radjabov,T (2751)
-Carlsen,M (2786) Kallithea 2008 (1/2-1/2, 31)}) 13. Rfe1 c5 14. Nd2 (14. Ne4
Nd4 15. Nxd4 cxd4) 14... Nd4 15. Rac1 Be7 {Berg,E (2594)-Carlsen,M (2801) Oslo
2009 (0-1, 45). With very good play for Black in both cases.}) 11... Bb7 ({If} 
11... Ba6 {White can already play} 12. a3 $1 Rd8 (12... Bb7 $5 13. Bf4 c5 14.
Nb5 $18 {[%cal Gd1d8] White's extra tempo, Rfd1, is essential, preventing 14...
Bxf3 15.gxf3 Kd7.}) 13. Bf4 Bc8 14. Rxd8+ Kxd8 15. Rd1+ Ke8 {Grischuk,A (2763)
-Jumabayev,R (2525) Astana 2012 (1-0, 26)} 16. e6 $5 Bxe6 17. Bxc7 {[%cal
Gd1d8,Gd8a8]} Be7 18. Ne5 c5 19. Nc6 $16 {[%csl Ga7,Gb6]}) 12. Bf4 Bb4 {
This is consistent with the ...b7-b6 plan.} (12... Rc8 13. e6 fxe6 $6 (13...
Bd6 $5 14. exf7+ Kxf7) 14. Ng5 $36 {Shirov,A (2718)-Cori Tello,J (2522) St
Petersburg 2012 (1-0, 36)}) 13. Ne2 Be7 14. Ned4 ({With the g5-square defended,
} 14. e6 {fails to impress after} fxe6 15. Bxc7 c5 {with active play for Black.
}) 14... Nxd4 15. Nxd4 Rd8 16. Nf5 {This looks natural, but I allowed myself
to check what would happen if White delays the knight move by making some
useful moves on another sector of the board.} (16. a4 g6 (16... a5 $2 17. e6 {
[%csl Gb6,Gc7]} Bd6 18. e7 $5 Kxe7 19. Nf5+ $36) 17. a5 a6 $5 {[%csl Gb5][%cal
Gc6c5]} 18. e6 c5 19. Ne2 Rxd1+ 20. Rxd1 fxe6 21. Bxc7 b5 $13 {The knight is
far from e5 yet and the bishop pair is quite active, compensating for the
minor structural defect.}) 16... g5 {The only reasonable defence.} (16... g6 $2
17. Ng7+ Kf8 18. Bh6 Kg8 19. Rxd8+ Bxd8 20. Rd1 $18) 17. Be3 {White needs the
bishop on the c1-h6 dagonal in order to attack the g5-pawn and keep fighting
for the initiative.} ({If} 17. Bg3 {Black can think of} Bc8 {when the forced
line} 18. e6 Bxe6 19. Ng7+ Kf8 20. Nxe6+ fxe6 21. Bxc7 {leads to only symbolic
advantage for White.} Rd5 22. c4 Rxd1+ 23. Rxd1 Kf7 24. Rd7 Ke8 25. Rd3 Rf8 $11
) 17... Rg8 18. c4 $146 {This new move does not bring in anything new in the
evaluation of the position as equal.} (18. a4 c5 19. Nxe7 Rxd1+ 20. Rxd1 Kxe7
21. a5 Ke6 22. f3 h5 (22... Kxe5 $2 23. Rd7) 23. Kf2 Bc6 24. g3 Kf5 (24... Kxe5
25. Bxg5 $1 $14 Rxg5 $2 26. f4+) 25. Rd2 h4 $1 26. Re2 (26. g4+ Kxe5) (26. gxh4
gxh4 {[%csl Ge5,Gf3,Gh3][%cal Gg8g3]}) 26... hxg3+ 27. Kxg3 Bd5 $15 {/=
Smirnov,P (2518)-Sakaev,K (2612) Belgorod 2010 (½-½, 43)}) 18... c5 19. f3
Bc8 20. g4 f6 21. Nxe7 Kxe7 22. exf6+ Kxf6 {If compared with other typical
opposite-coloured bishops endings in this opening, White is in a slightly
better position due to the potential weakness on g5. It is not enough for
anything concrete, though.} 23. Kf2 Kg6 24. b3 Rgf8 25. Rxd8 Rxd8 26. Re1 Rd3
27. Ke2 Rd8 28. Kf2 Rd3 29. Ke2 Rd8 30. Rd1 Rd6 $5 {An ambitious move,} ({
but I failed to find any danger for Black after the rook exchange:} 30... Rxd1
31. Kxd1 Kf6 32. Bf2 Be6 33. Bg3 c6 34. Kd2 (34. a4 b5 35. axb5 cxb5 36. cxb5
Bxb3+ 37. Kd2 Ba4 $11) 34... b5 35. Kc3 bxc4 36. bxc4 Bf7 37. Bd6 a6 38. Bxc5
Ke5 39. Be3 h6 40. Kb4 Bg6 {[%cal Gg6d3,Gd3e2]}) 31. Rd3 (31. Rxd6+ cxd6 $11)
31... Bb7 32. Rc3 Re6 33. Kf2 Rf6 34. Bd2 Rd6 35. Ke2 Bc6 36. Re3 Kf7 {[%cal
Gd6e6]} 37. Rc3 Rh6 $6 {This will result in some slight trouble for Black.} (
37... h6 $11) 38. Bxg5 Rxh3 39. Bf4 h5 40. gxh5 Rxh5 41. Bxc7 {White has won a
pawn, but the opposite-coloured bishops and Black's good coordination allow
him count on holding the draw.} b5 42. Kf2 a6 43. Kg3 Rg5+ 44. Kf4 Kg6 45. Ke3
Rf5 46. Bf4 Kf7 47. Rc2 bxc4 48. Rxc4 Bb5 49. Rc1 Rd5 50. Kf2 Ke6 51. Be3 Kd6
52. Rh1 Bd3 53. Bd2 Bg6 54. Ke3 Rh5 55. Rg1 Bf7 56. Rg7 Ke7 57. Rg4 Bd5 58.
Rg7+ Bf7 59. f4 Rh3+ 60. Ke4 Kf6 61. Rg2 c4 62. bxc4 Bxc4 63. Be3 Rh5 64. Bd4+
Ke6 65. Rg6+ Kf7 66. Rf6+ Ke7 67. Be5 Bxa2 68. Rxa6 Be6 69. Ra7+ Bd7 70. Kd5
Rf5 71. Kd4 Rh5 72. Ke4 Ke6 73. Ra6+ Ke7 74. Bf6+ Kf7 75. Bg5 Rh1 76. Ra7 Re1+
77. Kd4 1/2-1/2